[Event "Schleswig-Holstein-ch HT"]
[Site "Bad Segeberg"]
[Date "2018.03.26"]
[Round "3"]
[White "Bahr, Arne"]
[Black "Kathage, Holger"]
[Result "1/2-1/2"]
[WhiteElo "1639"]
[BlackElo "1629"]
[PlyCount "28"]
[EventDate "2018.03.24"]
[EventType "swiss"]
[EventRounds "9"]
[EventCountry "GER"]
[SourceTitle "EXT 2023"]
[Source "ChessBase"]
[SourceDate "2022.10.05"]
[SourceVersion "1"]
[SourceVersionDate "2022.10.05"]
[SourceQuality "1"]

1. a3 Nf6 2. g3 d5 3. Bg2 g6 4. d3 Bg7 5. Nf3 0-0 6. 0-0 c5 7. Nc3 Nc6 8. e4 d4 9. Ne2 e5 10. Ne1 Bg4 11. f3 Bd7 12. f4 Qc8 13. Nf3 Re8 14. Nxe5 Nxe5 1/2-1/2

[Event "Heusenstamm Sparkassen op-B 4th"]
[Site "Heusenstamm"]
[Date "2017.11.26"]
[Round "6"]
[White "Schwegler, Jelena"]
[Black "Bahr, Arne"]
[Result "1-0"]
[WhiteElo "1462"]
[BlackElo "1681"]
[PlyCount "64"]
[EventDate "2017.11.23"]
[EventType "swiss"]
[EventRounds "7"]
[EventCountry "GER"]
[SourceTitle "EXT 2019"]
[Source "ChessBase"]
[SourceDate "2018.10.10"]
[SourceVersion "1"]
[SourceVersionDate "2018.10.10"]
[SourceQuality "1"]

1. e4 g6 2. d4 Nf6 3. Bd3 d5 4. exd5 Nxd5 5. Nf3 Bg7 6. c3 0-0 7. 0-0 c6 8. Bg5 Nd7 9. Nbd2 h6 10. Bh4 N7f6 11. h3 Nf4 12. Bc2 Be6 13. Bg3 N6h5 14. Bh2 Qc8 15. Ne4 Nxg2 16. Kxg2 Bxh3+ 17. Kh1 Bxf1 18. Qxf1 Qg4 19. Qg2 Qxg2+ 20. Kxg2 Rad8 21. Re1 Rd5 22. Bb3 Rd7 23. Nc5 Rfd8 24. Nxd7 Rxd7 25. Ne5 Bxe5 26. Rxe5 Kf8 27. Re3 Nf6 28. Be5 Ng4 29. Rf3 Nxe5 30. dxe5 Rd2 31. Rxf7+ Ke8 32. Rh7 Rxb2 1-0

[Event "Blankenese op 1st"]
[Site "Hamburg"]
[Date "2017.10.03"]
[Round "7.34"]
[White "Bahr, Arne"]
[Black "Raedisch, Peter"]
[Result "1-0"]
[WhiteElo "1600"]
[BlackElo "1497"]
[PlyCount "111"]
[EventDate "2017.09.30"]
[EventType "swiss"]
[EventRounds "7"]
[EventCountry "GER"]
[SourceTitle "EXT 2020"]
[Source "ChessBase"]
[SourceDate "2019.10.17"]
[SourceVersion "1"]
[SourceVersionDate "2019.10.17"]
[SourceQuality "1"]

1. f4 Nc6 2. Nf3 e6 3. e3 Be7 4. Nc3 Nf6 5. b3 Nh5 6. g3 Nf6 7. Bb2 d5 8. Bb5 Bd7 9. Bxc6 Bxc6 10. Ne5 Bd7 11. Qe2 Bc8 12. 0-0-0 c6 13. g4 h6 14. h4 Bd6 15. d4 Qe7 16. g5 Nd7 17. g6 Nxe5 18. fxe5 Bb4 19. gxf7+ Qxf7 20. Rdf1 Qg8 21. Qg4 Bd7 22. Qg6+ Kd8 23. Rhg1 Bf8 24. h5 Kc7 25. Ne2 Be8 26. Qg4 Bd7 27. Nf4 Qh7 28. Ng6 Rg8 29. Rf7 Re8 30. Rgf1 Bb4 31. c3 Bf8 32. Qf4 Be7 33. Nxe7 Rxe7 34. Rxe7 Qd3 35. Rd1 Qe2 36. Rf7 Qxh5 37. Qf3 Qg6 38. Rf1 h5 39. Qe2 h4 40. Ba3 Rd8 41. Bd6+ Kc8 42. Rf8 Be8 43. Be7 Rd7 44. Rxe8+ Qxe8 45. Rf8 Rxe7 46. Rxe8+ Rxe8 47. Qg4 Re7 48. Qxh4 Kd7 49. Kd2 a6 50. e4 Rf7 51. Ke2 Kc7 52. Qg4 Kd7 53. exd5 cxd5 54. c4 dxc4 55. bxc4 Ke7 56. d5 1-0

[Event "Rhein Main op-B 20th"]
[Site "Bad Homburg"]
[Date "2017.06.15"]
[Round "2"]
[White "Bahr, Arne"]
[Black "Modric, Vladimir"]
[Result "0-1"]
[WhiteElo "1654"]
[BlackElo "1884"]
[PlyCount "62"]
[EventDate "2017.06.14"]
[EventType "swiss"]
[EventRounds "7"]
[EventCountry "GER"]
[SourceTitle "EXT 2018"]
[Source "ChessBase"]
[SourceDate "2017.10.13"]
[SourceVersion "1"]
[SourceVersionDate "2017.10.13"]
[SourceQuality "1"]

1. f4 d6 2. Nf3 Nf6 3. b3 g6 4. Bb2 Bg7 5. e3 c6 6. Be2 Qc7 7. 0-0 0-0 8. d3 Qb6 9. Qc1 a5 10. Na3 a4 11. Nc4 Qc7 12. b4 b5 13. Na3 Na6 14. c4 bxc4 15. b5 cxd3 16. Bxd3 Nc5 17. Be2 Bd7 18. Bd4 cxb5 19. Nxb5 Bxb5 20. Bxb5 Nfe4 21. Bd3 Rfc8 22. Bxe4 Nxe4 23. Bxg7 Kxg7 24. Qb2+ Qc3 25. Qxc3+ Rxc3 26. Rfe1 Rb8 27. Kf1 Rb2 28. Re2 a3 29. Ke1 Rcc2 30. Rxc2 Rxc2 31. g3 Nc3 0-1

[Event "Schleswig Holstein-ch Hauptturnier"]
[Site "Ratzeburg"]
[Date "2017.04.14"]
[Round "9.5"]
[White "Bahr, Arne"]
[Black "Werner, Rene"]
[Result "0-1"]
[WhiteElo "1667"]
[BlackElo "1874"]
[PlyCount "92"]
[EventDate "2017.04.08"]
[EventType "swiss"]
[EventRounds "9"]
[EventCountry "GER"]
[SourceTitle "EXT 2022"]
[Source "ChessBase"]
[SourceDate "2021.10.06"]
[SourceVersion "1"]
[SourceVersionDate "2021.10.06"]
[SourceQuality "1"]

1. f4 c5 2. b3 Nf6 3. e3 d5 4. Nf3 Nc6 5. Bb5 Bd7 6. Bb2 e6 7. 0-0 Be7 8. d3 0-0 9. Bxc6 Bxc6 10. Ne5 Rc8 11. Nd2 b5 12. Nxc6 Rxc6 13. a4 b4 14. Qf3 Nd7 15. e4 Nb6 16. Qg4 f6 17. a5 Nc8 18. exd5 exd5 19. Rf3 Rf7 20. Re1 f5 21. Qh3 Rh6 22. Qg3 Bh4 23. Rfe3 Bxg3 24. Re8+ Rf8 25. Rxd8 Bxh2+ 26. Kf2 Rxd8 27. g3 Nd6 28. Re7 Rg6 29. Nf1 Bxg3+ 30. Nxg3 a6 31. Be5 Kf8 32. Rc7 c4 33. Bxd6+ Rdxd6 34. Nxf5 Rd8 35. bxc4 dxc4 36. Rxc4 b3 37. cxb3 Rxd3 38. Rc8+ Kf7 39. Rc7+ Kf6 40. Ne3 Rxb3 41. f5 Rg5 42. Rc6+ Ke5 43. Rxa6 Kf4 44. Nd5+ Ke4 45. Rb6 Rxf5+ 46. Ke2 Rxb6 0-1

[Event "Schleswig Holstein-ch Hauptturnier"]
[Site "Ratzeburg"]
[Date "2017.04.13"]
[Round "8.4"]
[White "Beyer, Mirko"]
[Black "Bahr, Arne"]
[Result "1-0"]
[WhiteElo "1683"]
[BlackElo "1667"]
[PlyCount "69"]
[EventDate "2017.04.08"]
[EventType "swiss"]
[EventRounds "9"]
[EventCountry "GER"]
[SourceTitle "EXT 2022"]
[Source "ChessBase"]
[SourceDate "2021.10.06"]
[SourceVersion "1"]
[SourceVersionDate "2021.10.06"]
[SourceQuality "1"]

1. e4 g6 2. d4 Nf6 3. Bd3 d5 4. e5 Nh5 5. Ne2 Ng7 6. Ng3 Ne6 7. Be3 c5 8. c3 cxd4 9. cxd4 Qb6 10. Qd2 Nc6 11. Ne2 Nb4 12. b3 Bd7 13. Nbc3 Nxd3+ 14. Qxd3 Nc7 15. 0-0 Bg7 16. f4 h5 17. Rac1 Bf5 18. Qd2 Rc8 19. Ng3 0-0 20. Nxf5 gxf5 21. Rf3 Qh6 22. Rh3 f6 23. Qe2 Ne6 24. Nxd5 Rxc1+ 25. Bxc1 Nxd4 26. Nxe7+ Kf7 27. Qc4+ Kxe7 28. Qxd4 fxe5 29. Qc5+ Qd6 30. Qxd6+ Kxd6 31. Ba3+ Ke6 32. Bxf8 Bxf8 33. fxe5 Bc5+ 34. Kf1 Kxe5 35. Rxh5 1-0

[Event "Heusenstamm Sparkassen op-B 3rd"]
[Site "Heusenstamm"]
[Date "2016.11.27"]
[Round "6"]
[White "Goodwin, David"]
[Black "Bahr, Arne"]
[Result "0-1"]
[WhiteElo "1529"]
[BlackElo "1702"]
[PlyCount "76"]
[EventDate "2016.11.27"]
[EventType "swiss"]
[EventRounds "7"]
[EventCountry "GER"]
[SourceTitle "EXT 2018"]
[Source "ChessBase"]
[SourceDate "2017.10.13"]
[SourceVersion "1"]
[SourceVersionDate "2017.10.13"]
[SourceQuality "1"]

1. Nf3 g6 2. g3 Bg7 3. Bg2 d6 4. d3 e5 5. 0-0 Nc6 6. c3 Nge7 7. Nbd2 0-0 8. Nb3 f5 9. Bg5 h6 10. Bd2 Kh7 11. e3 Ng8 12. d4 e4 13. Ne1 Nf6 14. f4 Be6 15. Nc1 a5 16. Nc2 b5 17. b3 Qe7 18. Qe2 Rfb8 19. Qd1 Nd8 20. Rb1 c5 21. h3 Nc6 22. Ne2 a4 23. dxc5 dxc5 24. Nc1 axb3 25. axb3 Nd5 26. Qe1 b4 27. Ne2 Ra2 28. Na1 Rba8 29. Rc1 bxc3 30. Nxc3 R2a3 31. Nxd5 Bxd5 32. Bc3 Nb4 33. Bxb4 cxb4 34. Nc2 Rxb3 35. Rb1 Bc3 36. Qd1 Rxb1 37. Qxb1 b3 38. Nd4 Ra1 0-1

[Event "Heusenstamm Sparkassen op-B 3rd"]
[Site "Heusenstamm"]
[Date "2016.11.27"]
[Round "2"]
[White "Stork, Christopher"]
[Black "Bahr, Arne"]
[Result "1/2-1/2"]
[WhiteElo "1561"]
[BlackElo "1702"]
[PlyCount "67"]
[EventDate "2016.11.27"]
[EventType "swiss"]
[EventRounds "7"]
[EventCountry "GER"]
[SourceTitle "EXT 2018"]
[Source "ChessBase"]
[SourceDate "2017.10.13"]
[SourceVersion "1"]
[SourceVersionDate "2017.10.13"]
[SourceQuality "1"]

1. e4 g6 2. d4 Nf6 3. e5 Nh5 4. Nf3 d6 5. Bc4 d5 6. Bb3 c6 7. c3 Na6 8. 0-0 Nc7 9. Re1 Be6 10. Nbd2 Bh6 11. Nf1 Bxc1 12. Rxc1 Ng7 13. Ng3 h5 14. h4 Bg4 15. Qd3 Nce6 16. Qe3 Nf5 17. Nxf5 Bxf5 18. Bc2 Bxc2 19. Rxc2 Qd7 20. Ng5 Nxg5 21. Qxg5 Qf5 22. Qxf5 gxf5 23. c4 Kd7 24. Rd1 Rhg8 25. f3 Rg6 26. cxd5 cxd5 27. Rc5 e6 28. Rdc1 Rb8 29. Rc7+ Ke8 30. Rc8+ Rxc8 31. Rxc8+ Kd7 32. Rc3 Rg8 33. Kf2 f4 34. Kf1 1/2-1/2

[Event "Berlin Lichtenberger op 15th"]
[Site "Berlin"]
[Date "2016.08.17"]
[Round "5"]
[White "Bahr, Arne"]
[Black "Schmole Rostosky, Joachim"]
[Result "1-0"]
[WhiteElo "1646"]
[BlackElo "1580"]
[PlyCount "105"]
[EventDate "2016.08.13"]
[EventType "swiss"]
[EventRounds "9"]
[EventCountry "GER"]
[SourceTitle "CBM 173 Extra"]
[Source "ChessBase"]
[SourceDate "2016.08.29"]
[SourceVersion "1"]
[SourceVersionDate "2016.08.29"]
[SourceQuality "1"]

1. f4 d5 2. b3 Nf6 3. e3 e6 4. Bb2 b6 5. Nf3 Nbd7 6. Bd3 Bb7 7. Nc3 a6 8. 0-0 Nc5 9. Be2 Be7 10. d4 Nce4 11. Ne5 0-0 12. Bd3 c5 13. Ne2 Rc8 14. c4 Nd7 15. Bxe4 dxe4 16. d5 exd5 17. Nxd7 Qxd7 18. Ng3 Rcd8 19. cxd5 Bxd5 20. Qh5 f6 21. Rad1 Qe6 22. Nf5 g6 23. Nxe7+ Qxe7 24. Qe2 Bb7 25. Qc4+ Kg7 26. g4 Qf7 27. Qc3 Rde8 28. g5 Re6 29. Qc4 Kg8 30. gxf6 Ree8 31. Qxf7+ Rxf7 32. Rd6 b5 33. Rfd1 h5 34. Rd7 Ref8 35. Be5 Rxd7 36. Rxd7 Rf7 37. Rd8+ Kh7 38. Rd2 Kh6 39. Rd8 Kh7 40. h4 c4 41. bxc4 bxc4 42. Kf2 Bc6 43. Ke1 Bb5 44. Kd2 a5 45. Kc3 a4 46. a3 Bd7 47. Kxc4 Be6+ 48. Kd4 Bf5 49. Kd5 Bd7 50. Kxe4 Bc6+ 51. Kd4 Rb7 52. f7 Rxf7 53. Rh8# 1-0

[Event "Kiel op-B 29th"]
[Site "Kiel"]
[Date "2016.08.06"]
[Round "9"]
[White "Bahr, Arne"]
[Black "Hogreve, Holger"]
[Result "1-0"]
[WhiteElo "1695"]
[BlackElo "1501"]
[PlyCount "123"]
[EventDate "2016.07.30"]
[EventType "swiss"]
[EventRounds "9"]
[EventCountry "GER"]
[SourceTitle "EXT 2017"]
[Source "ChessBase"]
[SourceDate "2016.10.25"]
[SourceVersion "1"]
[SourceVersionDate "2016.10.25"]
[SourceQuality "1"]

1. f4 d5 2. b3 Bg4 3. h3 Bf5 4. Nf3 h6 5. Bb2 e6 6. e3 Nf6 7. g4 Be4 8. d3 Bxf3 9. Qxf3 c6 10. Bg2 Nbd7 11. 0-0 Qb6 12. Nc3 a6 13. Rae1 Qa7 14. Ne2 a5 15. Ng3 a4 16. g5 Ng8 17. Nh5 Rh7 18. Kh1 Qc5 19. c4 Qa5 20. cxd5 Qxd5 21. e4 Qa5 22. f5 e5 23. g6 Rh8 24. gxf7+ Kxf7 25. Qg3 Ke7 26. Nxg7 Ngf6 27. Ne6 Rg8 28. Qf3 Kd6 29. Qe2 c5 30. Bf3 axb3 31. axb3 Qb5 32. Qc2 b6 33. Qc4 Qxc4 34. dxc4 Be7 35. Rd1+ Kc6 36. Kh2 Ra2 37. Rd2 h5 38. Ra1 Rxa1 39. Bxa1 h4 40. Rg2 Rxg2+ 41. Kxg2 Nh7 42. Bc3 Ng5 43. Nxg5 Bxg5 44. Be2 Bf6 45. Kf3 Nf8 46. Kg4 Kd6 47. Be1 Nh7 48. Bxh4 Ke7 49. Bd3 Kf7 50. Bxf6 Kxf6 51. h4 Kf7 52. Kf3 Kf6 53. Ke3 Ke7 54. Be2 Kf6 55. Kd3 Nf8 56. Bh5 Nd7 57. Be8 Nb8 58. Bb5 Kg7 59. Ke3 Kf6 60. Kf3 Kg7 61. Kg4 Kf6 62. Kh5 1-0

[Event "Kiel op-B 29th"]
[Site "Kiel"]
[Date "2016.08.01"]
[Round "5"]
[White "Hartendauer, Frank"]
[Black "Bahr, Arne"]
[Result "0-1"]
[WhiteElo "1710"]
[BlackElo "1695"]
[PlyCount "56"]
[EventDate "2016.07.30"]
[EventType "swiss"]
[EventRounds "9"]
[EventCountry "GER"]
[SourceTitle "EXT 2017"]
[Source "ChessBase"]
[SourceDate "2016.10.25"]
[SourceVersion "1"]
[SourceVersionDate "2016.10.25"]
[SourceQuality "1"]

1. d4 g6 2. c4 Bg7 3. Nc3 d6 4. e4 e5 5. d5 Ne7 6. Be2 0-0 7. Nf3 Nd7 8. Be3 f5 9. exf5 gxf5 10. Qc2 Nf6 11. 0-0-0 f4 12. Bd2 Bf5 13. Qb3 Ng4 14. Be1 Ng6 15. h3 Nh6 16. g4 fxg3 17. fxg3 e4 18. Nd4 Qg5+ 19. Bd2 Qxg3 20. Nxf5 Nxf5 21. Nxe4 Qxb3 22. axb3 Rae8 23. Bd3 Nd4 24. b4 Ne5 25. Bb1 Ne2+ 26. Kc2 Nxc4 27. Nc3 Nd4+ 28. Kd3 Nxb2# 0-1

[Event "Lueneburg VMCG op B"]
[Site "Lueneburg"]
[Date "2016.07.05"]
[Round "4"]
[White "Costa, Leonardo"]
[Black "Bahr, Arne"]
[Result "1-0"]
[WhiteElo "1584"]
[BlackElo "1695"]
[PlyCount "108"]
[EventDate "2016.07.01"]
[EventType "swiss"]
[EventRounds "7"]
[EventCountry "GER"]
[SourceTitle "EXT 2024"]
[Source "ChessBase"]
[SourceDate "2023.10.10"]
[SourceVersion "1"]
[SourceVersionDate "2023.10.10"]
[SourceQuality "1"]

1. e4 g6 2. d4 Nf6 3. Nc3 d5 4. e5 Nh5 5. Qf3 c6 6. Bd3 Ng7 7. Nge2 h5 8. h3 Be6 9. Bd2 Qd7 10. Na4 b6 11. 0-0 Bf5 12. Rfe1 Bxd3 13. Qxd3 Qf5 14. Qb3 Qd7 15. Rac1 e6 16. Bg5 c5 17. c4 Nc6 18. cxd5 Na5 19. Qd1 exd5 20. dxc5 Ne6 21. Bf6 Rg8 22. cxb6 Bh6 23. Rc3 Nc4 24. Rd3 axb6 25. Nac3 Nxb2 26. Rxd5 Nxd1 27. Rxd7 Kxd7 28. Rxd1+ Kc6 29. Rd6+ Kb7 30. Nd5 Rxa2 31. Rxb6+ Ka7 32. Nec3 Ra1+ 33. Kh2 Nc7 34. Rb3 Nxd5 35. Nxd5 Rb8 36. Rxb8 Kxb8 37. e6 Ra7 38. e7 Rxe7 39. Bxe7 Kc8 40. f4 Kd7 41. Bg5 Bg7 42. Kg3 Ke6 43. Ne3 Bd4 44. Kf3 f6 45. Bh4 Bc5 46. Bf2 Be7 47. g4 hxg4+ 48. hxg4 f5 49. g5 Bd6 50. Nc4 Bc7 51. Bg3 Kd5 52. Ne5 Bxe5 53. fxe5 Ke6 54. Bf4 Kf7 1-0

[Event "Lueneburg VMCG op B"]
[Site "Lueneburg"]
[Date "2016.07.04"]
[Round "3"]
[White "Bahr, Arne"]
[Black "Lindges, Claus"]
[Result "0-1"]
[WhiteElo "1695"]
[BlackElo "1531"]
[PlyCount "63"]
[EventDate "2016.07.01"]
[EventType "swiss"]
[EventRounds "7"]
[EventCountry "GER"]
[SourceTitle "EXT 2024"]
[Source "ChessBase"]
[SourceDate "2023.10.10"]
[SourceVersion "1"]
[SourceVersionDate "2023.10.10"]
[SourceQuality "1"]

1. f4 d5 2. b3 Nf6 3. e3 e6 4. Nf3 Nc6 5. Bb5 Bd7 6. Bb2 Bd6 7. 0-0 Qe7 8. a4 a6 9. Bxc6 Bxc6 10. Ne5 Bxe5 11. fxe5 Nd7 12. Qg4 g6 13. Ba3 f5 14. exf6 Qf7 15. d4 h5 16. Qf4 0-0-0 17. h4 Rde8 18. Be7 Rxe7 19. fxe7 Qxe7 20. Qg5 Qg7 21. Nc3 e5 22. Ne2 Re8 23. Rf2 b5 24. axb5 Bxb5 25. Re1 c5 26. dxc5 Nxc5 27. Qf6 Qd7 28. Qxg6 Ne4 29. Rf7 Qd8 30. Qxh5 Bxe2 31. Rxe2 Ng3 32. Qg4+ 0-1

[Event "Lueneburg op-A"]
[Site "Lueneburg"]
[Date "2016.07.03"]
[Round "4"]
[White "Bahr, Arne"]
[Black "Schulz, Gerhard1111"]
[Result "0-1"]
[WhiteElo "1695"]
[BlackElo "1874"]
[PlyCount "126"]
[EventDate "2016.07.01"]
[EventType "swiss"]
[EventRounds "9"]
[EventCountry "GER"]
[SourceTitle "CBM 173 Extra"]
[Source "ChessBase"]
[SourceDate "2016.08.29"]
[SourceVersion "1"]
[SourceVersionDate "2016.08.29"]
[SourceQuality "1"]

1. f4 d5 2. b3 Nf6 3. e3 e6 4. Nf3 Be7 5. Bb2 c5 6. Bb5+ Bd7 7. a4 a6 8. Bxd7+ Nbxd7 9. a5 0-0 10. Qe2 Rc8 11. c4 Ne4 12. g3 Bf6 13. d3 Nd6 14. 0-0 Bxb2 15. Qxb2 Nf5 16. Qf2 Nf6 17. Ne5 d4 18. e4 Ne3 19. Rc1 Nfg4 20. Nxg4 Nxg4 21. Qf3 Ne3 22. Nd2 Qf6 23. Nf1 Nxf1 24. Rxf1 e5 25. fxe5 Qxe5 26. Qf5 Qe7 27. Rf2 Rc6 28. Qg4 Qc7 29. Qf4 Qd8 30. Qd2 Rf6 31. Rxf6 Qxf6 32. Rf1 Qe7 33. Kg2 f6 34. Qf4 Qd8 35. Ra1 Re8 36. g4 Re5 37. h4 Qe8 38. Rf1 h5 39. Qg3 Qg6 40. Kh3 Qxg4+ 41. Qxg4 hxg4+ 42. Kxg4 Kf7 43. Rb1 b6 44. b4 cxb4 45. axb6 a5 46. b7 Re8 47. c5 Ke7 48. c6 Kd6 49. Rc1 Kc7 50. Rc5 Rb8 51. Kf5 a4 52. Rc4 b3 53. Rxa4 Kxc6 54. Ra1 b2 55. Rb1 Rxb7 56. e5 Rb5 57. Kg6 fxe5 58. Kxg7 Kd5 59. h5 e4 60. dxe4+ Kxe4 61. h6 Kd3 62. h7 Rb7+ 63. Kg8 Rxh7 0-1

[Event "Kiel op-B 28th"]
[Site "Kiel"]
[Date "2015.07.31"]
[Round "9"]
[White "Bahr, Arne"]
[Black "Plichta, Rainer"]
[Result "0-1"]
[WhiteElo "1676"]
[BlackElo "1811"]
[PlyCount "82"]
[EventDate "2015.07.25"]
[EventType "swiss"]
[EventRounds "9"]
[EventCountry "GER"]
[SourceTitle "EXT 2017"]
[Source "ChessBase"]
[SourceDate "2016.10.25"]
[SourceVersion "1"]
[SourceVersionDate "2016.10.25"]
[SourceQuality "1"]

1. f4 d5 2. e3 c5 3. Nf3 Nf6 4. b3 g6 5. Bb2 Bg7 6. Bb5+ Bd7 7. a4 0-0 8. 0-0 Nc6 9. Bxc6 Bxc6 10. Ne5 Qc7 11. Qf3 e6 12. Nxc6 Qxc6 13. d3 Rac8 14. Nd2 Rfd8 15. Be5 h5 16. Qg3 Qe8 17. Nf3 Qf8 18. Rae1 c4 19. Nh4 cxb3 20. cxb3 Nd7 21. d4 Nxe5 22. fxe5 Qb4 23. Rxf7 Kxf7 24. Qxg6+ Kg8 25. Qxe6+ Kh8 26. Rf1 Rf8 27. Rxf8+ Rxf8 28. Ng6+ Kh7 29. Nxf8+ Qxf8 30. Qxd5 Qb4 31. Qe4+ Kh8 32. h3 Qe1+ 33. Kh2 Bh6 34. h4 Bxe3 35. Qf3 Qxh4+ 36. Qh3 Qf4+ 37. g3 Qf2+ 38. Qg2 Bxd4 39. Qxf2 Bxf2 40. Kh3 Kg7 41. Kh4 Kg6 0-1

[Event "Kiel op-B 28th"]
[Site "Kiel"]
[Date "2015.07.25"]
[Round "2"]
[White "Hogreve, Holger"]
[Black "Bahr, Arne"]
[Result "0-1"]
[WhiteElo "1514"]
[BlackElo "1676"]
[PlyCount "104"]
[EventDate "2015.07.25"]
[EventType "swiss"]
[EventRounds "9"]
[EventCountry "GER"]
[SourceTitle "EXT 2017"]
[Source "ChessBase"]
[SourceDate "2016.10.25"]
[SourceVersion "1"]
[SourceVersionDate "2016.10.25"]
[SourceQuality "1"]

1. Nf3 g6 2. d4 Bg7 3. Bg5 d6 4. c3 Nd7 5. e3 Ngf6 6. Bd3 0-0 7. Nbd2 c6 8. 0-0 Qc7 9. Re1 Re8 10. e4 e5 11. dxe5 dxe5 12. Bc4 b5 13. Bb3 Bb7 14. Bxf6 Bxf6 15. a3 Rad8 16. a4 Nc5 17. Bc2 bxa4 18. Bxa4 Nd3 19. Re3 Nxb2 20. Qb3 Nxa4 21. Qxa4 Be7 22. Nc4 Bc5 23. Re2 f6 24. Na5 Bc8 25. Nxc6 Rd6 26. Nxa7 Bd7 27. Qb3+ Be6 28. Qa4 Ra8 29. Rb2 Qxa7 30. Qxa7 Rxa7 31. Rab1 Rad7 32. h3 Rd1+ 33. Rxd1 Rxd1+ 34. Kh2 Rc1 35. Rb7 Bxf2 36. Rb2 Be3 37. Rb7 Rxc3 38. Re7 Bf7 39. Rd7 Bf4+ 40. Kg1 Bg3 41. Rd1 Re3 42. Ra1 Rxe4 43. Ra6 Kg7 44. Ra1 Re3 45. Rb1 e4 46. Nd2 f5 47. Rc1 Re1+ 48. Rxe1 Bxe1 49. Nf1 f4 50. Nh2 Bc4 51. Ng4 Bg3 52. Ne5 Bb5 0-1